000 00965nam a2200253Ia 4500
005 20250425161731.0
008 250425s9999 xx 000 0 und d
020 _a9682411661
041 _aspa
082 _a631.35
100 _aBERLIJN, JOHAN D.
245 0 _aMANUALES PARA EDUCACION AGROPECUARIA: COSECHADORAS DE CULTIVOS INDUSTRIALES
250 _a2A ED.
260 _aMEXICO
260 _aMéxico
_bTRILLAS
_c1983
300 _a66
500 _aMECANICA AGRICOLA; 46D-28947 EN CIBGZ-FIMC PARA IMG. AGROP.
520 _aLA COSECHA DE LOS DIVERSOS CULTIVOS INDUSTRIALES ES TAN DIFERENTE COMO CADA UNO DE ESTOS CULTIVOS. LAS OPERACIONES Y LAS MAQUINAS COSECHADORAS REPRESENTAN DIFERENTES DISEÑOS, ESPECIALMENTE EN LO QUE SE REFIERE A SUS PARTES OPERATIVAS.CONTENIDO:INTROD
650 _aCOSECHADORAS
650 _aCULTIVOS INDUSTRIALES
710 _aDIRECCION GENERAL DE EDUCACION TECNOLOGICA AGROPECUARIA
942 _c01
010 _a26892
999 _c215001
_d215001